Top 25 U.S. Cities - Sudden Death - Statistics

General Stats
  • This quiz has been taken 4,342 times
  • The average score is 6 of 25
Answers on the Grid
Answers color-coded by a green-red scale on the quiz's grid according to % correct below.
New York
Los Angeles
Chicago
Houston
Phoenix
Philadelphia
San Antonio
San Diego
Dallas
Jacksonville
Austin
Fort Worth
San Jose
Columbus
Charlotte
Indianapolis
San Francisco
Seattle
Denver
Oklahoma City
Nashville
Washington, D.C.
El Paso
Las Vegas
Boston
Detroit
Louisville
Baltimore
Milwaukee
Sacramento
Atlanta
Miami
Minneapolis
New Orleans
Cleveland
Portland
Memphis
Kansas City
Virginia Beach
St. Louis
 
Answer Stats
Answer % Correct
#1 New York
55%
#2 Los Angeles
52%
#3 Chicago
47%
#4 Houston
38%
#6 Philadelphia
38%
#9 Dallas
35%
#5 Phoenix
34%
#17 San Francisco
33%
#22 Washington, D.C.
32%
#25 Boston
28%
#8 San Diego
26%
#11 Austin
22%
#7 San Antonio
22%
#18 Seattle
22%
#10 Jacksonville
20%
#19 Denver
18%
#12 Fort Worth
16%
#13 San Jose
16%
#24 Las Vegas
15%
#16 Indianapolis
14%
#15 Charlotte
11%
#14 Columbus
11%
#23 El Paso
8%
#21 Nashville
8%
#20 Oklahoma City
7%
No matching quizzes found
Score Distribution
Percent of People with Each Score
Percentile by Number Answered
Your Score History
You have not taken this quiz